| 000 | 00475nam a22001457a 4500 | ||
|---|---|---|---|
| 003 | SGT | ||
| 020 | _a9788171373840 | ||
| 082 |
_a070 _bP11U |
||
| 100 | _aउपाधयाय, ज्ञानेश | ||
| 245 | _aपत्रकारिता : आधार , प्रकार और व्यवहार | ||
| 260 |
_bराजस्थान हिंदी ग्रन्थ अकादमी _c2011 |
||
| 300 | _a215 | ||
| 650 | _aJOURNALISM | ||
| 942 |
_2ddc _cBK |
||
| 999 |
_c28668 _d28668 |
||